01352 2200481 4500001002100000005001500021007000300036008004100039020002200080035002000102040001700122041000800139082001400147084001400161090001900175100002200194245010400216250001100320260003100331300003100362500002000393504002600413650002300439700002800462700001800490850001000508990002200518990002200540990002200562990002200584990002200606990002200628990002200650990002200672990002200694990002200716990002200738990002200760990002200782990002200804990002200826990002200848INLIS00000000000416020230309021614ta211001 0  a978-602-298-651-5 a0010-1021000014 aSBPUPADbind aind 2[23]a346 a340 SAL h a340 SAL h 11-40 aKoesparmono Irsan1 aHukum Tenaga Kerja :bSuatu Pengantar /cKoesparmono Irsan;Editor k-1 Cokro;Editoer k-2 Adi Maulana aCet.19 aJakarta :bErlangga,c2016 a242 hlm. :bilus. ;c25 cm aindeks, hlm 242 aBibliografi, hlm 241 aHukum Tenaga Kerja0 aEditoer k-2,Adi Maulana aEditor, Cokro aPUPAD a24.902/H,DPK/2017 a24.903/H,DPK/2017 a24.904/H,DPK/2017 a24.902/B/DPK/2017 a24.904/H,DPK/2017 a26.281/H,DPK/2017 a26.282/H,DPK/2017 a26.283/H,DPK/2017 a26.284/H,DPK/2017 a26.332/H,DPK/2017 a26.334/H,DPK/2017 a26.360/H,DPK/2017 a26.361/H,DPK/2017 a26.362/H,DPK/2017 a26.363/H,DPK/2017 a26.364/H,DPK/2017